English for Special Purpose (Record no. 173555)

MARC details
000 -LEADER
fixed length control field 00427nam a2200193Ia 4500
008 - FIXED-LENGTH DATA ELEMENTS--GENERAL INFORMATION
fixed length control field 240823s9999||||xx |||||||||||||| ||und||
020 ## - INTERNATIONAL STANDARD BOOK NUMBER
International Standard Book Number 81-7890-091-2
082 ## - DEWEY DECIMAL CLASSIFICATION NUMBER
-- 421 P4
100 ## - MAIN ENTRY--PERSONAL NAME
Personal name Foster N
245 #0 - TITLE STATEMENT
Title English for Special Purpose
250 ## - EDITION STATEMENT
Edition statement 1st
260 ## - PUBLICATION, DISTRIBUTION, ETC. (IMPRINT)
Date of publication, distribution, etc 2004
Name of publisher, distributor, etc "IVY,Delhi"
500 ## - GENERAL NOTE
General note YES
650 ## - SUBJECT ADDED ENTRY--TOPICAL TERM
Topical term or geographic name as entry element ENG
942 ## - ADDED ENTRY ELEMENTS (KOHA)
Item type Books
Holdings
Withdrawn status Lost status Damaged status Permanent location Current location Date acquired Source of acquisition Cost, normal purchase price Full call number Barcode Date last seen Koha item type
      CENTRAL LIBRARY, NOORUL ISLAM CENTRE FOR HIGHER EDUCATION CENTRAL LIBRARY, NOORUL ISLAM CENTRE FOR HIGHER EDUCATION 09/09/2005 TBH Library Book Suppliers 175.00 421 P4 27466 08/23/2024 Books
Visitors:
Copyright © 2024 Central Library NICHE.  All rights reserved.